NFL Week 5 Standing AFC-NFC 2024-2025 - Statistics

General Stats
  • This quiz has been taken 142 times
  • The average score is 7 of 8
Answer Stats
Hint Answer % Correct
AFC West Kansas City Chiefs
98%
AFC North Baltimore Ravens
94%
NFC East Washington Commanders
94%
AFC East Buffalo Bills
93%
NFC North MInnesota Vikings
93%
AFC South Houston Texans
92%
NFC West Seattle Seahawks
91%
NFC South Atlanta Falcons
89%
No matching quizzes found
Score Distribution
Percent of People with Each Score
Percentile by Number Answered
Your Score History
You have not taken this quiz